|
|
|
|
| LEADER |
00000nam0a2200000 4500 |
| 001 |
260211 |
| 005 |
20231101233446.0 |
| 010 |
|
|
|a 9785444200674
|
| 035 |
|
|
|a (RuTPU)RU\TPU\book\283159
|
| 090 |
|
|
|a 260211
|
| 100 |
|
|
|a 20140514d2014 k y0rusy50 ca
|
| 101 |
0 |
|
|a rus
|
| 102 |
|
|
|a RU
|
| 105 |
|
|
|a a z 001zy
|
| 200 |
1 |
|
|a Ресурсный подход к обеспечению безопасности систем "человек-объект-среда"
|f В. В. Клюев [и др.]
|
| 210 |
|
|
|a Москва
|c Спектр
|d 2014
|
| 215 |
|
|
|a 158 с.
|c ил.
|
| 320 |
|
|
|a Библиогр.: с. 153-156.
|
| 330 |
|
|
|a В монографии исследуются ключевые вопросы обеспечения и поддержания безопасности сложных систем «человек-объект-среда», таких как транспорт, промышленное производство, энергетика и другие. Аварийные ситуации рассматриваются как результат критического сочетания разнородных событий: отказов техники, исчерпания ресурсов, ошибок персонала. Комплексный подход к проблематике позволяет выделить принципы, концепции и технологии контроля и диагностики, дальнейшее внедрение которых повысит эффективность расследования произошедших аварий, парирования возникающих критических сочетаний событий и моделирования потенциальных аварийных ситуаций в сложных системах «человек-объект-среда».
|
| 606 |
1 |
|
|a Безопасность жизнедеятельности в техносфере
|2 stltpush
|3 (RuTPU)RU\TPU\subj\28155
|9 51745
|
| 610 |
1 |
|
|a сложные системы
|
| 610 |
1 |
|
|a человек-объект-среда
|
| 610 |
1 |
|
|a ресурсы
|
| 610 |
1 |
|
|a возобновление
|
| 610 |
1 |
|
|a авиационно-транспортные системы
|
| 610 |
1 |
|
|a катастрофы
|
| 610 |
1 |
|
|a аварии
|
| 610 |
1 |
|
|a ГЭС
|
| 610 |
1 |
|
|a гидроэлектростанции
|
| 610 |
1 |
|
|a автомобильный транспорт
|
| 610 |
1 |
|
|a стекло
|
| 610 |
1 |
|
|a производство
|
| 610 |
1 |
|
|a цемент
|
| 610 |
1 |
|
|a обжиг
|
| 610 |
1 |
|
|a контроль
|
| 610 |
1 |
|
|a диагностика
|
| 675 |
|
|
|a 658.345
|v 3
|
| 701 |
|
1 |
|a Клюев
|b В. В.
|g Владимир Владимирович
|
| 701 |
|
1 |
|a Новожилов
|b Г. В.
|g Генрих Васильевич
|
| 701 |
|
1 |
|a Резчиков
|b А. Ф.
|g Александр Федорович
|
| 701 |
|
1 |
|a Богомолов
|b А. С.
|g Алексей Сергеевич
|
| 801 |
|
1 |
|a RU
|b 63413507
|c 20140514
|
| 801 |
|
2 |
|a RU
|b 63413507
|c 20150707
|g RCR
|
| 942 |
|
|
|c BK
|
| 959 |
|
|
|a 80/20140514
|d 2
|e 580,00
|f ЧЗТЛ:1
|f АНЛ:1
|